000 00543nam a2200205Ia 4500
005 20250923144507.0
008 008 250917s9999 xx 000 0 eng d
037 _aTextual
040 _aDSWL
_beng
_cDSWL
041 _aeng
_2eng
084 _qDSWL
100 _aSpence, James
_9825447
245 0 _aThousand families in new castle upon Tyne
_cby James Spence
260 _aLondon
_bOxford Univ Press
_c1954
300 _axiv,217p.
365 _aINR
_b10.6
925 _g10.6
942 _cTEXL
999 _c1439616
_d1439616